000 00961nas a2200241 4500
001 BR0801186
003 BR-BrBNA
005 20231205111710.0
007 ta
008 230509b bl.|||p| |||| 00| 00por d
040 _aBR-BrBNA
_bpor
_cBiblioteca Nacional de Agricultura
041 _a(Pt)
072 _aL60
100 1 _aMielke, O.H.H.
100 1 _aCasagrande, M.M.
245 1 _aSobre os tipos de Lepidoptera depositados em museus brasileiros. 24-Nymphalidae (Heliconiinae)descrito por Benedito Raymundo (da Silva); (Charaxinae)por A.H.Fassl (Suplemento); (Limenitidinae)por C.Fiedler; (Danainae)e Pieridae (Dismorphiinae, Coliadinae)por Romualdo Ferreira D'Almeida (Suplemento)
650 _aLEPIDOPTERA
650 _aBORBOLETA
650 _aTAXONOMIA ANIMAL
773 0 _tRevista Brasileira de Zoologia (Brazil)
_xISSN 0101-8175
_g(Mar 1999), v. 16(1) p. 139-144
_wBR0801186
909 _a202311
_bLúcia
_c55
_dLúcia Elande
942 _2AGRIS
_n0
_cANA
999 _c194021
_d194021